000
00295nam a2200109Ia 4500
008
230907s9999||||xx |||||||||||||| ||und||
082
_a
333.794,SUS
245
0
_a
Sustainable access to energy in the global south:
260
_a
Springer
_b
New York
_c
2015
300
_a
xviii, 254 p.:
942
_c
BK
999
_c
597523
_d
597523